• 首页
  • 本馆介绍
  • 公告通知
  • 最新文献
  • 馆藏检索
  • 电子资源
  • 读者导购
  • 参考咨询
  • 我的图书馆
  • 登录
  • 详细信息显示
  • 放入我的书架
  • 预约/预借图书
  • 作者相关作品
  • 分类相关作品
  • 丛书相关作品
  • 出版社相关作品

书目信息

  • 表格格式
  • 工作单格式
  • 卡片格式
题名:
辨证唯物主义和历史唯物主义原理
    
 
作者: 曹祖思 编著
分册:  
出版信息:    1980
页数: 182页
开本: 20cm
丛书名:
单 册:
中图分类: B201 , B0 , B0
科图分类:
主题词: 哲学理论 , 哲学理论
电子资源:
ISBN:
000 00587nam0 2200217 450
001 1571406295
005 20150128083348.68
010    @dCNY0.95
100    @a20070819d1980 km y0chiy0120 ea
101 0  @achi
200 1  @a辨证唯物主义和历史唯物主义原理@Abian zheng wei wu zhu yi he li shi wei wu zhu yi yuan li@f曹祖思 编著@Fcao zu si bian zhu
210    @d1980
215    @a182页@d20cm
606 0  @a哲学理论
606 0  @a哲学理论
690    @aB201@v3
690    @aB0@v4
690    @aB0@v4
701  0 @a曹祖思@Acao zu si@4编著
801  0 @aCN@bTSSF@c20150128
905    @aZUCC@dB0@eJY31
    
    辨证唯物主义和历史唯物主义原理/曹祖思 编著.-1980
    182页;20cm
    
    
    ISBN :CNY0.95
    
●
相关链接 在E读中查询图书 在五车中查询图书 在当当中查询图书 在豆瓣中查询图书


正题名:辨证唯物主义和历史唯物主义原理     索取号:B0/JY31         预约/预借

序号 登录号 条形码 馆藏地/架位号 状态 备注
1 7839883   278398832   学院路分馆/ [索取号:B0/JY31] 在馆    
2 7839884   278398841   学院路分馆/ [索取号:B0/JY31] 在馆    
3 7839885   278398850   学院路分馆/ [索取号:B0/JY31] 在馆    
唐山师范学院图书馆 欢迎您!
大连网信软件有限公司© 版权所有